Hệ thống liên kết lời nói tiếng Việt

Gespeichert in:
Bibliographische Detailangaben
1. Verfasser: Nguyễn Thị Việt Thanh
Format: Buch
Sprache:Undetermined
Veröffentlicht: Hà Nội Giáo Dục 1999
Schlagworte:
Tags: Tag hinzufügen
Keine Tags, Fügen Sie den ersten Tag hinzu!
Thư viện lưu trữ: Trung tâm Học liệu Trường Đại học Cần Thơ
LEADER 00547nam a2200169Ia 4500
001 CTU_47410
008 210402s9999 xx 000 0 und d
082 |a 495.922 
082 |b Th107/2001 
100 |a Nguyễn Thị Việt Thanh 
245 0 |a Hệ thống liên kết lời nói tiếng Việt 
245 0 |c Nguyễn Thị Việt Thanh 
260 |a Hà Nội 
260 |b Giáo Dục 
260 |c 1999 
650 |a vietnamese language - spoken vietnamese 
980 |a Trung tâm Học liệu Trường Đại học Cần Thơ